000 01041nam a22002417a 4500
003 OSt
005 20251125132546.0
008 230817b ||||| |||| 00| 0 eng d
040 _c0
082 _aDPer 370.15 J826 July-August 2020 v. 112 n. 5-6
100 _aSchneider, Sascha.
_eauthor.
_948680
245 _aThe retrieval-enhancing effects of decorative pictures as memory cues in multimedia learning videos and subsequent performance tests /
_cSascha Schneider, Steve Nebel, Maik Beege, and Gunter Daniel Rey.
260 _aWashington ;
_bAmerican Psychological Association ,
_cAugust 2020.
300 _aVolume 112, pages 1111-1127 :
_billustration ;
_c28 cm.
500 _aJournal of Educational Psychology, vol. 112, no. 6, pages 1111-1127, August 2020.
650 _aEducation.
_948681
650 _aPictures.
_948682
700 _aSchneider, Sascha.
_eauthor.
_948680
700 _aNebel, Steve.
_eauthor.
_948683
700 _aBeege, Maik.
_eauthor.
_948684
700 _aRey, Gunter Daniel.
_eauthor.
_948685
942 _2ddc
_cPER
999 _c18131
_d18131